000 00490nam a22001817a 4500
999 _c172204
_d172204
005 20200129112617.0
010 _aA-603663
020 _c15.00
035 _aA-603663
037 _bBPPD/Pub.
082 _a840
245 _aفکر و تحقیق /
_cفہمیدہ بیگم
246 _aFikr-O-Tehqeeq (Urdu) /
_bby Fehmida Begum
260 _aNew Delhi
_bTaraqqi Urdu Bureau
_c-
270 _a-
_b-
_e-
300 _a287p.
_c20cm(Hb)
942 _2ddc
_cUR
_h840
_mف ک ر